|
|
|
|
| LEADER |
01209pam a22003018a 4500 |
| 001 |
00045772 |
| 005 |
20200903080903.0 |
| 008 |
170518s2006 ||||||Viesd |
| 020 |
# |
# |
|c 13000
|a 9786040227836
|
| 041 |
0 |
# |
|a Vie
|
| 082 |
1 |
4 |
|a 372.5
|b V460B
|
| 245 |
1 |
0 |
|a Vở bài tập Mĩ thuật 1
|c Nguyễn Tuấn Cường, Nguyễn Thị Nhung (đồng chủ biên), Lương Thanh Khiết,... [những người khác]
|
| 260 |
# |
# |
|a Hà Nội
|b Giáo dục
|c 2020
|
| 300 |
# |
# |
|a 39 tr.
|c 27 cm
|
| 490 |
# |
# |
|a Vì sự bình đẳng và dân chủ trong giáo dục
|
| 653 |
# |
# |
|a Mĩ thuật
|
| 653 |
# |
# |
|a Lớp 1
|
| 653 |
# |
# |
|a Vở bài tập
|
| 700 |
# |
# |
|a Hà, Thị Quỳnh Nga
|
| 700 |
# |
# |
|a Lương, Thanh Khiết
|
| 700 |
# |
# |
|a Nguyễn, Thị Nhung
|e Chủ biên
|
| 700 |
# |
# |
|a Nguyễn, Thị Tuệ Thư
|
| 700 |
# |
# |
|a Nguyễn, Tuấn Cường
|e Chủ biên
|
| 700 |
# |
# |
|a Trần, Thị Hương Ly
|
| 700 |
# |
# |
|a Phạm, Văn Thuận
|
| 852 |
# |
# |
|j KGT.0060162
|j KGT.0060161
|j KGT.0060160
|j KGT.0060159
|j KD.0027411
|
| 910 |
# |
# |
|d 3/9/2020
|
| 980 |
# |
# |
|a Trung tâm Học liệu Lê Vũ Hùng, Trường Đại học Đồng Tháp
|